LDR 00968naa#a2200169#i#450# 001 RU\\bibl\123183 005 20260516223024.6 011 ## _a2409-1073 100 ## _a20231220b2023####ek#y0rusy0150####ca 102 ## _aRU 200 1# _aИнтегративная функция концепции устойчивого развития _eЖурнальная статья 210 1# _aМосква _cФедеральное государственное автономное образовательное учреждение высшего образования Национальный исследовательский университет "Московский институт электронной техники" _d2023 215 ## _a0 с. 608 ## _aЖурнальная статья _2local 675 ## _aСпециальные и смешанные концепции. 141.3 _z 700 #1 _aВиноградова _gЕлена Георгиевна 856 4# _amminfo.editorum.ru _u